01386cam 2200349 a 4500001000800000005001700008008004100025035002100066906004500087955008600132010001700218020002800235040001800263050002600281082001500307100002000322245015700342250001200499260003200511300003400543500010000577504006400677650004000741650003300781650003100814650001900845700002900864740001000893920003900903991006500942099002901007348552919970204100727.9940126s1994 nyua b 001 0 eng  9(DLC) 94005166 a7bcbccorignewd1eocipf19gy-gencatlg apc01 to SA00 01-26-94; sh06 01-27-94 sh01 01-28-94; CIP ver. ta06; to SL 08-29-94 a 94005166  a0805027580 (alk. paper) aDLCcDLCdDLC00aBF723.I645bS487 199400a649/.12201 aShure, Myrna B.10aRaising a thinking child :bhelp your young child to resolve everyday conflicts and get along with others /cMyrna B. Shure wtih Theresa Foy DiGeronimo. a1st ed. aNew York :bH. Holt,c1994. axii, 212 p. :bill. ;c22 cm. a"This book is about a research-based ... approach called I Can Problem Solve, or ISPS"--Introd. aIncludes bibliographical references (p. 202-203) and index. 0aInterpersonal conflict in children. 0aProblem solving in children. 0aSocial skills in children. 0aChild rearing.1 aDiGeronimo, Theresa Foy.0 aICPS. a**LC HAS REQ'D # OF SHELF COPIES** bc-GenCollhBF723.I645iS487 1994p00023617754tCopy 1wBOOKS ashure-raising-1071962920